• 首页
  • 本馆介绍
  • 公告通知
  • 最新文献
  • 馆藏检索
  • 电子资源
  • 读者导购
  • 参考咨询
  • 我的图书馆
  • 登录
  • 详细信息显示
  • 放入我的书架
  • 预约/预借图书
  • 作者相关作品
  • 分类相关作品
  • 丛书相关作品
  • 出版社相关作品

书目信息

  • 表格格式
  • 工作单格式
  • 卡片格式
题名:
人民大会堂见闻录
    
 
作者: 金圣基 编著
分册: 上  
出版信息: 北京   中共党史出版社  1998.06
页数: 456页
开本: 21cm
丛书名:
单 册:
中图分类: K270.6
科图分类:
主题词: 中国--现代史--1949~
电子资源:
ISBN: 7-80136-224-1
000 00569nam0 2200193 45
001 0412011102
005 20050419162547.7
010    @a7-80136-224-1@dCNY66.00
100    @a20041201d1998 km y0chiy0120 ea
101 0  @achi
105    @a z 000yy
200 1  @a人民大会堂见闻录@ARen Min Da Hui Tang Jian Wen Lu@h上@f金圣基编著@FJinSheng Ji Bian Zhu
210    @a北京@c中共党史出版社@d1998.06
215    @a456页@d21cm
606 0  @a中国@x现代史@z1949~
690    @aK270.6@v3
701  0 @a金圣基@4编著
801    @aCN@bPftUser@c20041201
905    @dK270.6@e25:1@b283885@f1
    
    人民大会堂见闻录.上/金圣基编著.-北京:中共党史出版社,1998.06
    456页;21cm
    
    
    ISBN 7-80136-224-1:CNY66.00
    
●
相关链接 在E读中查询图书 在五车中查询图书 在当当中查询图书 在豆瓣中查询图书


正题名:人民大会堂见闻录     索取号:K270.6/25:1         预约/预借

序号 登录号 条形码 馆藏地/架位号 状态 备注
1 0283885   002838852   第二借阅区/ [索取号:K270.6/25:1] 在馆    
2 0283886   002838861   第二借阅区/ [索取号:K270.6/25:1] 在馆    
3 0283887   002838870   第二样本阅览室/ [索取号:K270.6/25:1] 在馆    
唐山师范学院图书馆 欢迎您!
大连网信软件有限公司© 版权所有